000 01026cam a2200301 i 4500
001 15685
003 DO-SdUEMH
005 20260123200846.0
007 ta
008 211105s2013 dr a|||gr|||| 000 0 spa|d
020 _a9789945015027
040 _aDO-SdUEMH
_bspa
_erda
041 _aspa
082 1 4 _mRD
_aRD 325.197293 R426S
_bR426s
084 _b13-00162
100 _aFlores, Rosario
_eautr
110 _aFondo de Población de las Naciones Unidas
245 1 0 _aSistematización del proceso metodológico de la primera encuesta nacional de inmigrantes en la República Dominicana ENI-2013 /
_cFlores Rosario
260 _c2013
264 0 1 _aSanto Domingo :
_bOficina del Fondo de Población de las Naciones Unidas (UNFPA) en República Dominicana,
_c2013
300 _a101 páginas :
_bilustraciones ;
_c23 cm.
336 _2rdacontent
_atexto
_btxt
337 _2rdamedia
_asin mediación
_bn
338 _2rdacarrier
_avolumen
_bnc
504 _aBibliografías en pagina 61
942 _2ddc
_cBK
_n0
999 _c15685
_d15685